000 00517nam a2200181Ia 4500
005 20250923144456.0
008 008 250917s9999 xx 000 0 eng d
037 _aTextual
040 _aDSWL
_beng
_cDSWL
041 _aeng
_2eng
084 _qDSWL
100 _aPatterson, S. Howard
_9825271
245 0 _aEconomic problems of modern life , 4th edition
_cby S.Howard Patterson
260 _b Mc graw-Hill Book Company
_c1948
300 _axx,782p.
942 _cTEXL
999 _c1439373
_d1439373